00486nam a22001577a 4500003000400000008004100004020001800045082001600063100001800079245008200097260004400179300001100223650004500234650002700279700002200306OSt260623b |||||||| |||| 00| 0 eng d a9789327241471 a712.2bG84L aGrewal, H.S.  aLandscope Designing and Ornamental Plants/ by H.S. Grewal and Parminder Singh aLudhiana: bKalyani Publishers, c2025. a160 p. aArea planning and landscape architecture aLandscape Architecture aSingh, Parminder